[Event "Kermanshah Taq e Bostan 3rd"]
[Site "Kermanshah"]
[Date "2024.09.15"]
[Round "3"]
[White "Behroozimoghaddam, Hamed"]
[Black "Omidi, Arya"]
[Result "0-1"]
[WhiteElo "2080"]
[BlackElo "2320"]
[PlyCount "138"]
[EventDate "2024.09.13"]
[EventType "swiss"]
[EventRounds "9"]
[EventCountry "IRI"]
[SourceTitle "EXT 2025"]
[Source "ChessBase"]
[SourceDate "2024.10.14"]
[SourceVersion "1"]
[SourceVersionDate "2024.10.14"]
[SourceQuality "1"]

1. e4 c5 2. Nf3 d6 3. d4 cxd4 4. Nxd4 Nf6 5. Nc3 a6 6. Bd3 Nbd7 7. Be3 Nc5 8. f3 e6 9. a4 Be7 10. Bc4 0-0 11. 0-0 Qc7 12. Ba2 b6 13. Qe1 Bb7 14. Qg3 g6 15. Rfd1 Rac8 16. Rac1 Rfd8 17. Kh1 Re8 18. Nb3 Ncd7 19. Nd2 Bc6 20. Qf2 b5 21. axb5 axb5 22. Ne2 d5 23. Nd4 dxe4 24. Nxc6 Qxc6 25. Nxe4 Nxe4 26. fxe4 Nf6 27. Rf1 Rf8 28. Bd4 Nxe4 29. Qf4 Rcd8 30. c3 Bg5 31. Qe5 Rxd4 32. Qxd4 Bxc1 33. Rxc1 Nd6 34. Bb1 Re8 35. Rd1 Nf5 36. Qe5 Rc8 37. Bxf5 exf5 38. h3 Re8 39. Qf4 h5 40. Rd2 Qe4 41. Qf1 Re5 42. Rd4 Qe3 43. Rd3 Qe4 44. Rd2 Kg7 45. Kh2 Re6 46. Qf2 Qe5+ 47. Kg1 Kh7 48. Rd7 Kg7 49. Qd4 Qxd4+ 50. Rxd4 Re2 51. Rb4 Re5 52. h4 f6 53. Kf2 g5 54. g3 Kg6 55. Kf3 Rd5 56. Kg2 Rd2+ 57. Kg1 Rd5 58. Kg2 Kf7 59. Kf3 Ke6 60. Ke2 Re5+ 61. Kf3 Rd5 62. Ke2 Kd6 63. Kf3 Rd3+ 64. Kf2 Kc5 65. Kg2 Re3 66. Kf2 Re4 67. Rxe4 fxe4 68. hxg5 fxg5 69. b3 h4 0-1

[Event "Abu Dhabi op-A 30th"]
[Site "Abu Dhabi"]
[Date "2024.08.24"]
[Round "9"]
[White "Shahil, Dey"]
[Black "Omidi, Arya"]
[Result "0-1"]
[WhiteElo "2374"]
[BlackElo "2317"]
[PlyCount "54"]
[EventDate "2024.08.15"]
[EventType "swiss"]
[EventRounds "9"]
[EventCountry "UAE"]
[SourceTitle "EXT 2025"]
[Source "ChessBase"]
[SourceDate "2024.10.14"]
[SourceVersion "1"]
[SourceVersionDate "2024.10.14"]
[SourceQuality "1"]

1. Nf3 d5 2. b3 Nf6 3. Bb2 Bf5 4. Nh4 Bg6 5. Nxg6 hxg6 6. e3 Nbd7 7. d4 e6 8. Nd2 Bd6 9. c4 c6 10. Qc2 Qe7 11. 0-0-0 a5 12. Kb1 Ba3 13. Ba1 a4 14. e4 axb3 15. axb3 Ng4 16. exd5 Nxf2 17. Re1 Nxh1 18. dxe6 0-0 19. Nf3 Bb4 20. exf7+ Qxf7 21. c5 b5 22. cxb6 Nxb6 23. Re4 Nf2 24. Re5 Rxa1+ 25. Kxa1 Ra8+ 26. Kb1 Qa7 27. Qb2 Nd1 0-1

[Event "Abu Dhabi op-A 30th"]
[Site "Abu Dhabi"]
[Date "2024.08.21"]
[Round "6"]
[White "Omidi, Arya"]
[Black "Sachi, Jain"]
[Result "1-0"]
[WhiteElo "2317"]
[BlackElo "2108"]
[PlyCount "135"]
[EventDate "2024.08.15"]
[EventType "swiss"]
[EventRounds "9"]
[EventCountry "UAE"]
[SourceTitle "EXT 2025"]
[Source "ChessBase"]
[SourceDate "2024.10.14"]
[SourceVersion "1"]
[SourceVersionDate "2024.10.14"]
[SourceQuality "1"]

1. Nf3 d5 2. g3 e6 3. Bg2 Nf6 4. 0-0 Be7 5. d3 c5 6. Nbd2 Nc6 7. e4 Qc7 8. Re1 b6 9. c3 Ba6 10. e5 Nd7 11. Nf1 h6 12. h4 b5 13. Bf4 b4 14. Ne3 Nb6 15. Ng4 Bb5 16. Bf1 a5 17. a4 Ba6 18. h5 Qd7 19. Qc2 Rc8 20. c4 Bb7 21. b3 Ba8 22. Bg2 Qd8 23. Rad1 Qc7 24. Qc1 Qd7 25. Ne3 d4 26. Ng4 Nd8 27. Nd2 Bxg2 28. Kxg2 Nb7 29. Ne4 Kd8 30. Rh1 Bf8 31. Rdf1 Kc7 32. Qd1 Rd8 33. Bc1 Nc8 34. f4 Ne7 35. Qf3 Kb6 36. Ngf2 Nc6 37. g4 Be7 38. Ng3 Qc7 39. Re1 Rde8 40. Re2 Nbd8 41. Rhe1 Rhg8 42. f5 Bf8 43. Bf4 Qd7 44. Kh2 Qc8 45. Nh3 Qd7 46. Qe4 Be7 47. Bc1 Bh4 48. Qf3 f6 49. exf6 Bxf6 50. Nf4 exf5 51. Rxe8 Rxe8 52. Qd5 Kc7 53. Rxe8 Qxe8 54. Qxc5 Be5 55. gxf5 Nb7 56. Qd5 Qe7 57. Ne6+ Kb8 58. Kh3 Qe8 59. Kg4 Nd6 60. Bf4 Bxf4 61. Kxf4 Nf7 62. Ne4 Nfe5 63. Qb5+ Ka7 64. Qc5+ Ka8 65. Nc7+ Kb7 66. Nd6+ Kxc7 67. Nxe8+ Kd7 68. Qxe5 1-0

[Event "Abu Dhabi op-A 30th"]
[Site "Abu Dhabi"]
[Date "2024.08.17"]
[Round "3"]
[White "Sidhant, Mohapatra"]
[Black "Omidi, Arya"]
[Result "1-0"]
[WhiteElo "2376"]
[BlackElo "2317"]
[PlyCount "61"]
[EventDate "2024.08.15"]
[EventType "swiss"]
[EventRounds "9"]
[EventCountry "UAE"]
[SourceTitle "EXT 2025"]
[Source "ChessBase"]
[SourceDate "2024.10.14"]
[SourceVersion "1"]
[SourceVersionDate "2024.10.14"]
[SourceQuality "1"]

1. e4 c5 2. Nf3 d6 3. Bb5+ Nd7 4. 0-0 a6 5. Be2 Ngf6 6. d3 e6 7. a4 b6 8. Nc3 Bb7 9. Nd2 Be7 10. f4 0-0 11. Bf3 Ne8 12. Qe2 Nc7 13. g4 b5 14. Qg2 e5 15. f5 Bg5 16. Nd5 Kh8 17. Be2 Nxd5 18. exd5 Nb6 19. c4 Nxa4 20. Ne4 Bxc1 21. Raxc1 f6 22. b3 Nb6 23. Rf3 Bc8 24. Rcf1 a5 25. Rh3 h6 26. Rh5 a4 27. g5 fxg5 28. f6 Kg8 29. h4 axb3 30. hxg5 b2 31. gxh6 1-0

[Event "IRI-ch playoff"]
[Site "Rasht"]
[Date "2024.07.26"]
[Round "4"]
[White "Atakhan, Abtin"]
[Black "Omidi, Arya"]
[Result "1-0"]
[WhiteElo "2413"]
[BlackElo "2303"]
[PlyCount "94"]
[EventDate "2024.07.26"]
[EventType "match (rapid)"]
[EventRounds "6"]
[EventCountry "IRI"]
[SourceTitle "CBM 221 Extra"]
[Source "ChessBase"]
[SourceDate "2024.09.30"]
[SourceVersion "1"]
[SourceVersionDate "2024.09.30"]
[SourceQuality "1"]

1. Nf3 d5 2. b3 c5 3. e3 Nf6 4. Bb2 Nc6 5. Bb5 Bg4 6. h3 Bxf3 7. Qxf3 e6 8. Bxc6+ bxc6 9. c4 Bd6 10. Nc3 0-0 11. d3 Qe7 12. 0-0 Nd7 13. Rae1 Qf6 14. Qe2 Qg6 15. f4 f5 16. Qf3 Nf6 17. Na4 Nd7 18. Ba3 Qf7 19. Qd1 Qe7 20. e4 fxe4 21. dxe4 Rxf4 22. Rxf4 Bxf4 23. exd5 cxd5 24. cxd5 Qh4 25. dxe6 Ne5 26. e7 Re8 27. Rxe5 Bxe5 28. Qd5+ Kh8 29. Qxe5 Qxe7 30. Qxe7 Rxe7 31. Bxc5 Re1+ 32. Kh2 a6 33. Nc3 Kg8 34. b4 Kf7 35. a4 Rc1 36. Bd4 g6 37. b5 axb5 38. axb5 Ke6 39. b6 Kd7 40. Ne4 Kc6 41. Ng5 h6 42. Ne6 Rc4 43. Bf2 Kd5 44. Nc7+ Kc6 45. Ne6 Kd5 46. Nf8 g5 47. Nd7 Rc2 1-0

[Event "IRI-ch"]
[Site "Rasht"]
[Date "2024.07.24"]
[Round "9"]
[White "Omidi, Arya"]
[Black "Bahmani, Koorosh"]
[Result "1-0"]
[WhiteElo "2303"]
[BlackElo "1971"]
[PlyCount "81"]
[EventDate "2024.07.18"]
[EventType "tourn"]
[EventRounds "11"]
[EventCountry "IRI"]
[SourceTitle "EXT 2025"]
[Source "ChessBase"]
[SourceDate "2024.10.14"]
[SourceVersion "1"]
[SourceVersionDate "2024.10.14"]
[SourceQuality "1"]

1. e4 c6 2. d4 d5 3. e5 Bf5 4. Nf3 e6 5. Be2 Nd7 6. 0-0 a5 7. a4 f6 8. Nh4 fxe5 9. Nxf5 exf5 10. c4 dxc4 11. Nd2 Qc7 12. Nxc4 Bb4 13. dxe5 Nxe5 14. Bh5+ Ng6 15. Qf3 Nf6 16. Bf4 Qe7 17. Bxg6+ hxg6 18. Ne5 Rg8 19. Bg3 Ne4 20. Nxg6 Qf6 21. Qh5 Qg5 22. Qxg5 Nxg5 23. f3 Kf7 24. Ne5+ Ke6 25. Nd3 Nf7 26. Nxb4 axb4 27. Rfc1 Kd5 28. Rd1+ Ke6 29. Rdc1 Kd5 30. Bf2 Ra5 31. Bb6 Ra6 32. a5 Nd6 33. Rc5+ Ke6 34. Re1+ Kf7 35. Rd1 Ke6 36. f4 Ne4 37. Re5+ Kf6 38. g4 g6 39. g5+ Kg7 40. Rd7+ Kf8 41. Ree7 1-0

[Event "IRI-ch"]
[Site "Rasht"]
[Date "2024.07.22"]
[Round "6"]
[White "Omidi, Arya"]
[Black "Ashraf, Artin"]
[Result "0-1"]
[WhiteElo "2303"]
[BlackElo "2391"]
[PlyCount "72"]
[EventDate "2024.07.18"]
[EventType "tourn"]
[EventRounds "11"]
[EventCountry "IRI"]
[SourceTitle "EXT 2025"]
[Source "ChessBase"]
[SourceDate "2024.10.14"]
[SourceVersion "1"]
[SourceVersionDate "2024.10.14"]
[SourceQuality "1"]

1. e4 c5 2. Nf3 d6 3. d4 cxd4 4. Nxd4 Nf6 5. Nc3 a6 6. a4 e6 7. Be2 Be7 8. Be3 Nc6 9. Nxc6 bxc6 10. a5 Nd7 11. 0-0 0-0 12. f4 Rb8 13. b3 d5 14. f5 Bb4 15. Na4 Bxa5 16. exd5 exd5 17. f6 Nxf6 18. Bg5 Bc7 19. Bxf6 Qd6 20. g3 gxf6 21. Bd3 Qe5 22. Kg2 a5 23. Qf3 Qg5 24. Nc5 Rb4 25. Na6 Rf4 26. Qe2 Rxf1 27. Qxf1 Bb6 28. Nb8 Qh6 29. h4 Bg4 30. Nxc6 Qd2+ 31. Kh1 Qe3 32. Kg2 Rc8 33. Ra4 h5 34. Bb5 Qd2+ 35. Kh1 Re8 36. Ra1 Re3 0-1

[Event "IRI-ch"]
[Site "Rasht"]
[Date "2024.07.21"]
[Round "5"]
[White "Atakhan, Abtin"]
[Black "Omidi, Arya"]
[Result "1/2-1/2"]
[WhiteElo "2413"]
[BlackElo "2303"]
[PlyCount "147"]
[EventDate "2024.07.18"]
[EventType "tourn"]
[EventRounds "11"]
[EventCountry "IRI"]
[SourceTitle "EXT 2025"]
[Source "ChessBase"]
[SourceDate "2024.10.14"]
[SourceVersion "1"]
[SourceVersionDate "2024.10.14"]
[SourceQuality "1"]

1. d4 d5 2. c4 e6 3. Nc3 c5 4. cxd5 exd5 5. Nf3 Nc6 6. a3 Nf6 7. Bg5 cxd4 8. Nxd4 Bc5 9. e3 Nxd4 10. exd4 Be7 11. Bb5+ Bd7 12. Qa4 0-0 13. Bxf6 Bxb5 14. Qxb5 Bxf6 15. 0-0-0 Qc8 16. Qxd5 Rd8 17. Qe4 b5 18. Kb1 Qd7 19. Qf3 a5 20. Rhe1 h6 21. Re2 Ra6 22. Ne4 Be7 23. d5 f5 24. d6 fxe4 25. Qb3+ Kh7 26. dxe7 Qxd1+ 27. Qxd1 Rxd1+ 28. Kc2 Re6 29. Kxd1 Rxe7 30. Kd2 Kg6 31. Ke3 Kf5 32. Rc2 Re5 33. Kd4 Kf4 34. Rc7 Rf5 35. Rxg7 Rf8 36. Rd7 h5 37. h4 Kg4 38. Ke3 Kxh4 39. Re7 Rf5 40. Rxe4+ Kg5 41. b4 a4 42. Re8 Rd5 43. Kf3 Rd3+ 44. Re3 Rb3 45. Ke4 Rb2 46. Rf3 Re2+ 47. Kd5 Rc2 48. Rg3+ Kh4 49. Rh3+ Kg5 50. Rf3 Kg4 51. Kd4 Rc4+ 52. Ke5 h4 53. Rf8 Rc3 54. Rg8+ Kh5 55. Kf6 Rc6+ 56. Kf5 Kh6 57. Rg4 Kh5 58. g3 hxg3 59. fxg3 Kh6 60. Re4 Rc3 61. Kf6 Kh7 62. g4 Rf3+ 63. Kg5 Rxa3 64. Re7+ Kg8 65. Kg6 Rf3 66. g5 Rf8 67. Rg7+ Kh8 68. Rb7 Ra8 69. Rh7+ Kg8 70. Rg7+ Kh8 71. Rh7+ Kg8 72. Rg7+ Kh8 73. Rh7+ Kg8 74. Rg7+ 1/2-1/2

[Event "IRI-ch"]
[Site "Rasht"]
[Date "2024.07.20"]
[Round "3"]
[White "Danesharaste, Arvin"]
[Black "Omidi, Arya"]
[Result "0-1"]
[WhiteElo "2049"]
[BlackElo "2303"]
[PlyCount "75"]
[EventDate "2024.07.18"]
[EventType "tourn"]
[EventRounds "11"]
[EventCountry "IRI"]
[SourceTitle "EXT 2025"]
[Source "ChessBase"]
[SourceDate "2024.10.14"]
[SourceVersion "1"]
[SourceVersionDate "2024.10.14"]
[SourceQuality "1"]

1. d4 d5 2. c4 e6 3. Nf3 dxc4 4. g3 c5 5. Qa4+ Bd7 6. Qxc4 b5 7. Qc2 cxd4 8. Nxd4 Na6 9. Bg2 Rc8 10. Qd1 Nc5 11. 0-0 Nf6 12. b3 Be7 13. Bb2 0-0 14. Nd2 Qb6 15. N2f3 Rfd8 16. Rc1 Qb8 17. Qe1 e5 18. Nc2 e4 19. Nfd4 Nd5 20. Nb4 Nxb4 21. Qxb4 Re8 22. Qd2 h6 23. h4 e3 24. Qxe3 Bxh4 25. Qd2 Bf6 26. Ba3 Ne4 27. Rxc8 Qxc8 28. Qd3 Nc3 29. e3 Bxd4 30. exd4 Bf5 31. Qd2 Re2 32. Qc1 Rxa2 33. Kh2 Bd3 34. Rd1 Qf5 35. Qxc3 Qh5+ 36. Bh3 Qxd1 37. Bb2 Qc2 38. Qxc2 0-1

[Event "Rasht Father Cup Blitz 2nd"]
[Site "Rasht"]
[Date "2023.12.07"]
[Round "8"]
[White "Mahdavi, Reza"]
[Black "Omidi, Arya"]
[Result "1-0"]
[WhiteElo "2312"]
[BlackElo "2301"]
[PlyCount "97"]
[EventDate "2023.12.07"]
[EventType "swiss (blitz)"]
[EventRounds "13"]
[EventCountry "IRI"]
[SourceTitle "CBM 217 Extra"]
[Source "ChessBase"]
[SourceDate "2024.01.31"]
[SourceVersion "1"]
[SourceVersionDate "2024.01.31"]
[SourceQuality "1"]

1. e4 g6 2. d4 Bg7 3. Nc3 a6 4. Be3 d6 5. h4 h6 6. Qd2 b5 7. f3 Nd7 8. 0-0-0 Nb6 9. Bd3 Bb7 10. Nh3 e6 11. g4 Qd7 12. Kb1 Rc8 13. d5 b4 14. Ne2 exd5 15. exd5 Nxd5 16. Bd4 Ngf6 17. g5 hxg5 18. Nxg5 c5 19. Bxf6 Nxf6 20. Nf4 Rh6 21. Rde1+ Kf8 22. h5 gxh5 23. Nge6+ fxe6 24. Nxe6+ Kg8 25. Nxg7 Qxg7 26. Rhg1 Ng4 27. fxg4 h4 28. g5 Rh5 29. Be2 Rh7 30. Bd3 Rh5 31. Qe2 Rxg5 32. Qe6+ Kh8 33. Rxg5 Qxg5 34. Qd7 Qg7 35. Qxd6 c4 36. Bf5 Rf8 37. Bg6 c3 38. a4 bxa3 39. Re5 Bf3 40. bxc3 Qb7+ 41. Kc1 Qg7 42. Kb1 h3 43. Rg5 Qb7+ 44. Kc1 Qg7 45. Qg3 Bg2 46. Qh4+ Kg8 47. Bh7+ Kh8 48. Bf5+ Kg8 49. Be6+ 1-0

[Event "Ayvalik Mandalina"]
[Site "Ayvalik"]
[Date "2023.11.28"]
[Round "2.1"]
[White "Guliev, Sarhan"]
[Black "Omidi, Arya"]
[Result "0-1"]
[WhiteElo "2298"]
[BlackElo "2301"]
[PlyCount "72"]
[EventDate "2023.11.28"]
[EventType "schev"]
[EventRounds "10"]
[EventCountry "TUR"]
[SourceTitle "CBM 217 Extra"]
[Source "ChessBase"]
[SourceDate "2024.01.31"]
[SourceVersion "1"]
[SourceVersionDate "2024.01.31"]
[SourceQuality "1"]
[WhiteTeam "Masters"]
[BlackTeam "Stars"]
[WhiteTeamCountry "TUR"]
[BlackTeamCountry "TUR"]

1. d4 d5 2. c4 c6 3. Nc3 Nf6 4. Nf3 e6 5. Bg5 h6 6. Bxf6 Qxf6 7. e3 g6 8. Bd3 Bg7 9. 0-0 0-0 10. a3 Nd7 11. Qc2 dxc4 12. Bxc4 e5 13. dxe5 Nxe5 14. Nxe5 Qxe5 15. Qxg6 Bf5 16. Qh5 b5 17. Ba2 a5 18. e4 Be6 19. Qxe5 Bxe5 20. Bxe6 fxe6 21. Rac1 Rfd8 22. Rc2 Rd3 23. Ne2 Rad8 24. f4 Rd2 25. Rxd2 Rxd2 26. fxe5 Rxe2 27. Rc1 Rxb2 28. Rxc6 Kf7 29. h4 h5 30. Rc7+ Kf8 31. Rh7 Rb3 32. Rxh5 Rxa3 33. Rg5 Rc3 34. h5 b4 35. h6 Rc7 36. Rg6 b3 0-1

[Event "IRI-ch 56th"]
[Site "Kerman"]
[Date "2023.05.11"]
[Round "1"]
[White "Daneshvar, Bardiya"]
[Black "Omidi, Arya"]
[Result "1/2-1/2"]
[WhiteElo "2540"]
[BlackElo "2350"]
[PlyCount "96"]
[EventDate "2023.05.11"]
[EventType "tourn"]
[EventRounds "13"]
[EventCountry "IRI"]
[EventCategory "5"]
[SourceTitle "EXT 2024"]
[Source "ChessBase"]
[SourceDate "2023.10.10"]
[SourceVersion "1"]
[SourceVersionDate "2023.10.10"]
[SourceQuality "1"]

1. c4 Nf6 2. Nc3 e5 3. Nf3 Nc6 4. g3 d5 5. cxd5 Nxd5 6. Bg2 Be6 7. 0-0 Be7 8. d4 Nxc3 9. bxc3 e4 10. Nd2 f5 11. e3 0-0 12. Rb1 Na5 13. c4 Nxc4 14. Qb3 Rb8 15. Nxc4 b5 16. d5 Bxd5 17. Rd1 bxc4 18. Qxb8 Qxb8 19. Rxb8 Rxb8 20. Rxd5 Rb1 21. Rd1 Ba3 22. Bf1 Rxc1 23. Rxc1 Bxc1 24. Bxc4+ Kf8 25. Be6 g6 26. h4 Ke7 27. Bg8 h6 28. Kf1 Kf6 29. Ke2 Ba3 30. Bb3 a5 31. Bc4 Ke5 32. Bf7 g5 33. hxg5 hxg5 34. Bb3 Be7 35. Ba4 Kd6 36. Bb3 Bf6 37. Bf7 Be5 38. Bg6 Ke6 39. Bh7 Kf6 40. Bg8 Bd6 41. Bd5 Ke5 42. Bc6 Bf8 43. Kd2 Bh6 44. Ke2 f4 45. exf4+ gxf4 46. a4 f3+ 47. Kf1 Bf8 48. Kg1 Bb4 1/2-1/2

[Event "Caspian Cup 19th"]
[Site "Rasht"]
[Date "2023.02.15"]
[Round "4"]
[White "Omidi, Arya"]
[Black "Hayrapetyan, Hovik"]
[Result "0-1"]
[WhiteElo "2325"]
[BlackElo "2466"]
[PlyCount "96"]
[EventDate "2023.02.12"]
[EventType "swiss"]
[EventRounds "9"]
[EventCountry "IRI"]
[SourceTitle "EXT 2024"]
[Source "ChessBase"]
[SourceDate "2023.10.10"]
[SourceVersion "1"]
[SourceVersionDate "2023.10.10"]
[SourceQuality "1"]

1. e4 c5 2. Nf3 d6 3. d4 cxd4 4. Nxd4 Nf6 5. Nc3 a6 6. Bg5 Nbd7 7. Qe2 h6 8. Bh4 g6 9. 0-0-0 e5 10. Nb3 Be7 11. f3 b5 12. a3 Bb7 13. Bf2 Rc8 14. Kb1 Rxc3 15. bxc3 d5 16. Kb2 Qc7 17. exd5 Nxd5 18. c4 N5b6 19. Rxd7 Na4+ 20. Ka2 Kxd7 21. Be1 Rc8 22. Ba5 Qxc4 23. Qd2+ Qd5 24. Bd3 Nc5 25. Rd1 Nxd3 26. Qxd3 Ke6 27. Qxd5+ Bxd5 28. Kb2 f5 29. Bb4 Bxb4 30. axb4 Bxb3 31. Kxb3 e4 32. fxe4 fxe4 33. c3 Ke5 34. Re1 Kf4 35. Kc2 e3 36. Rf1+ Ke4 37. Rf6 Rd8 38. c4 Rd2+ 39. Kc3 Rd3+ 40. Kc2 Rd2+ 41. Kc3 Rxg2 42. c5 Rg1 43. Re6+ Kf3 44. Rf6+ Ke2 45. Rxa6 Rg4 46. Ra2+ Kf3 47. Kd3 Re4 48. Re2 Re8 0-1

[Event "Bikaner op 1st"]
[Site "Bikaner"]
[Date "2022.10.05"]
[Round "6"]
[White "Paichadze, Luka"]
[Black "Omidi, Arya"]
[Result "1-0"]
[WhiteElo "2527"]
[BlackElo "2321"]
[PlyCount "51"]
[EventDate "2022.10.01"]
[EventType "swiss"]
[EventRounds "10"]
[EventCountry "IND"]
[SourceTitle "CBM 210 Extra"]
[Source "ChessBase"]
[SourceDate "2022.11.30"]
[SourceVersion "1"]
[SourceVersionDate "2022.11.30"]
[SourceQuality "1"]

1. e4 e6 2. d4 d5 3. e5 c5 4. c3 Nc6 5. Nf3 Qb6 6. Bd3 cxd4 7. 0-0 Bd7 8. Nbd2 Nge7 9. Re1 Ng6 10. g3 dxc3 11. bxc3 Qc7 12. Qe2 Be7 13. Nb3 a6 14. Nbd4 Na5 15. h4 h6 16. Bxg6 fxg6 17. Qc2 Kf7 18. Ne2 Rac8 19. Nf4 Qxc3 20. Qxg6+ Kg8 21. Bd2 Qa3 22. Nd4 Nc4 23. Nh5 Rh7 24. Bxh6 Rf8 25. Bxg7 Be8 26. Qxe6+ 1-0

[Event "Raipur Chhattisgarh"]
[Site "Raipur"]
[Date "2022.09.28"]
[Round "10"]
[White "Laxman, Rajaram"]
[Black "Omidi, Arya"]
[Result "0-1"]
[WhiteElo "2388"]
[BlackElo "2309"]
[PlyCount "112"]
[EventDate "2022.09.19"]
[EventType "swiss"]
[EventRounds "10"]
[EventCountry "IND"]
[SourceTitle "CBM 210 Extra"]
[Source "ChessBase"]
[SourceDate "2022.11.30"]
[SourceVersion "1"]
[SourceVersionDate "2022.11.30"]
[SourceQuality "1"]

1. d4 Nf6 2. Nf3 g6 3. Bg5 Bg7 4. Nbd2 0-0 5. c3 d6 6. e4 c5 7. dxc5 dxc5 8. Bc4 Nc6 9. 0-0 Qc7 10. Qe2 Na5 11. Bd3 h6 12. Bh4 Nh5 13. Bg3 Nxg3 14. hxg3 Be6 15. Nc4 Bxc4 16. Bxc4 Nxc4 17. Qxc4 Rfd8 18. Rfd1 e6 19. Nd2 b5 20. Qxb5 Rab8 21. Qa4 Rxb2 22. Nc4 Rbb8 23. Rxd8+ Rxd8 24. Rc1 h5 25. Qb5 h4 26. gxh4 Qf4 27. Qb1 Qxh4 28. g3 Qh5 29. Kg2 Bxc3 30. Qb7 Kg7 31. Qxa7 Bd4 32. Qe7 Rh8 33. Qh4 Qe2 34. Qf4 Qxa2 35. Ne5 f6 36. Ng4 Qa7 37. Qd6 Qb7 38. Qxe6 f5 39. Rxc5 Bxc5 40. Qe5+ Kg8 41. Nf6+ Kf7 42. Qxc5 Qe7 43. Qxe7+ Kxe7 44. Nd5+ Kd6 45. Nf4 fxe4 46. Nxg6 Ra8 47. Kf1 Ra2 48. Nh4 Ke5 49. Ng2 Kd4 50. Ne3 Kd3 51. Kg2 Ke2 52. Ng4 Ra6 53. Ne3 Rf6 54. Ng4 Rf7 55. Kg1 Rg7 56. Nf6 Kf3 0-1

[Event "Raipur Chhattisgarh"]
[Site "Raipur"]
[Date "2022.09.24"]
[Round "6"]
[White "Nitish, Belurkar"]
[Black "Omidi, Arya"]
[Result "1-0"]
[WhiteElo "2419"]
[BlackElo "2309"]
[PlyCount "73"]
[EventDate "2022.09.19"]
[EventType "swiss"]
[EventRounds "10"]
[EventCountry "IND"]
[SourceTitle "CBM 210 Extra"]
[Source "ChessBase"]
[SourceDate "2022.11.30"]
[SourceVersion "1"]
[SourceVersionDate "2022.11.30"]
[SourceQuality "1"]

1. e4 c5 2. Nf3 d6 3. d4 cxd4 4. Nxd4 Nf6 5. Nc3 a6 6. Be3 e5 7. Nb3 Be6 8. h3 Be7 9. f4 exf4 10. Bxf4 Nc6 11. Qe2 Rc8 12. 0-0-0 Nb4 13. Kb1 0-0 14. g4 a5 15. a3 Rxc3 16. bxc3 Na6 17. Rd4 a4 18. Rxa4 Nc5 19. Rd4 Qa8 20. g5 Nfd7 21. Qb5 b6 22. Kb2 d5 23. a4 Nxe4 24. Bg2 Ndc5 25. Bxe4 Nxe4 26. Qxb6 Rc8 27. Re1 Bd8 28. Qb5 Be7 29. c4 Bd6 30. Rexe4 Rb8 31. Qxb8+ Bxb8 32. Bxb8 Qxb8 33. cxd5 Bxh3 34. d6 h5 35. gxh6 g5 36. d7 Bxd7 37. Rxd7 1-0